Základné údaje o školách a školských zariadeniach v SR v školskom roku 2002/2003
Gespeichert in:
| Format: | Buch |
|---|---|
| Sprache: | Slowakisch Englisch |
| Veröffentlicht: |
Bratislava
Štatistický úrad Slovenskej republiky
2003
|
| Schriftenreihe: | Demografia a sociálna štatistika
|
| Schlagworte: | |
| Tags: |
Keine Tags, Fügen Sie das erste Tag hinzu!
|
MARC
| LEADER | 00000nam a2200000 4500 | ||
|---|---|---|---|
| 001 | 0004851 | ||
| 005 | 20240209112854.9 | ||
| 041 | 0 | |a slo | |
| 041 | 0 | |a eng | |
| 044 | |a SK | ||
| 245 | 1 | 0 | |a Základné údaje o školách a školských zariadeniach v SR v školskom roku 2002/2003 |
| 264 | 1 | |a Bratislava |b Štatistický úrad Slovenskej republiky |c 2003 | |
| 300 | |a 69 s. | ||
| 490 | 1 | |a Demografia a sociálna štatistika | |
| 830 | 0 | |a Demografia a sociálna štatistika | |
| 610 | 2 | 0 | |a údaje štatistické |
| 610 | 2 | 0 | |a Slovensko |
| 610 | 2 | 0 | |a školy |
| 610 | 2 | 0 | |a zariadenia školské |